| 000 | 00888nac a22002531u 4500 | ||
|---|---|---|---|
| 003 | EG-ScBUE | ||
| 005 | 20221109042405.0 | ||
| 008 | 221109s2001 enka f b 001 0 eng d | ||
| 020 | _a1856692205 | ||
| 020 | _a9781856692205 | ||
| 035 | _a(UkLWHE)b000116556 | ||
| 040 |
_aEG-ScBUE _beng _erda _cEG-ScBUE _dEG-ScBUE |
||
| 082 | 0 | 4 |
_a721.0285 _bSTE _222 |
| 100 | 1 |
_aSteele, James, _d1943- _eauthor. |
|
| 245 | 1 | 0 |
_aArchitecture and computers : _baction and reaction in the digital design revolution / _cJames Steele. |
| 264 | 1 |
_aLondon : _bLaurence King, _c2001. |
|
| 300 |
_a240 pages : _billustrations (chiefly color) ; _c29 cm |
||
| 504 | _aIncludes bibliographical references and index. | ||
| 650 | 7 |
_aArchitectural design _xData processing. _2BUEsh |
|
| 650 | 7 |
_aComputer-aided design. _2BUEsh |
|
| 653 | _bENGARC | ||
| 655 |
_vReading book _934232 |
||
| 942 |
_cBB _2ddc |
||
| 999 |
_c3167 _d3167 |
||